1832 1069 1994 1810 1226 1004 1252 1919 1246 1022 1291 1165 1833 1771 1685 1051 1551 1018 1858 1152 1764 1161 1028 1147 1290 1512 1470 1791 1031 1354 1811 1233 1526 1907 1080 1467 1215 1861 1708 1518 1176 1580 1707 1949 1933 1455 1708 1105 1941 1617 1071 1866 1712 1530 1733 1418 1077 1556 1368 1522 1807 1044 1665 1749 1162 1626 1450 1520 1217 1582 1097 1860 1998 1958 1920 1668 1457 1241 1863 1728 1356 1259 1846 1969 1829 1012 1551 1099 1288 1915 1537 1935 1294 1116 1166 1182 1198 1330 1220 BCNSPRNW ULIB Ver.6.0+V

เปลี่ยนเป็นภาษาไทย

Change to English
 แสดงรายละเอียดบรรณานุกรม
  กลับหน้าหลัก

Brief Record : Get Marc (ISO 2709) : E-mail record : QR code < ปิดหน้าต่าง
LEADER : 00000nam 2200000uu 4500
001    13399110949
003     ULIB
008    110614s||||||||th 000 0 tha d
020    9786169007401
050  4 AC158^bค163ส 2552
100    คริสโตเฟอร์ เบญจกุล
245    สบายดี คริสโตเฟอร์ / ^cคริสโตเฟอร์ แจ๊ค เบญจกุล ผู้เขียน ; ชมพูนุท ดีประวัติ ผู้เขียนร่วม
250    พิมพ์ครั้งที่ 1
260    สมุทรปราการ : ^bครูช้าง, ^c2552
300    หน้า : ^bภาพประกอบ ; ^c21 ซม.
592    Buddhist era q2/52
650  7 นักแสดง
700    ชมพูนุท ดีประวัติ, ^eผู้แต่งร่วม
945    ^p229^l0^i027740
995    ทศพร
999 ^a ใช้งานได้ทุกระบบ
รายการนี้ยังไม่มีแท็ก
คุณยังไม่ได้ล็อกอิน คุณสามารถมีกิจกรรมร่วมกับเว็บไซต์ได้ แต่ต้องล็อกอินก่อน ::
  ล็อกอิน

รายการสื่อสารสนเทศ

ลำดับที่ ประเภท เลขเรียก/บาร์โค้ด สถานที่ สถานะ
- ไม่พบข้อมูล -

BibComment


ยังไม่เคยถูกคอมเมนท์

คอมเมนท์ทรัพยากรรายการนี้
  คอมเมนท์: สบายดี คริสโตเฟอร..


 Copyright 2026. Bcnsprnw @Library